| 000 | 00000nas 2200000zi 4500 |
| 001 | 9.505681 |
| 003 | CaOODSP |
| 005 | 20240726155434 |
| 006 | m o d f |
| 007 | cr cn |||||||| |
| 008 | 150406c19879999oncar m o s f1 a0eng|d |
| 022 | |a1709-8211 |
| 040 | |aCaOODSP|beng|erda|cCaOODSP |
| 043 | |an-cn--- |
| 086 | 1 |aCS11-522E-PDF |
| 222 | 0|aStatistics Canada international symposium series |
| 245 | 00|aStatistics Canada international symposium series : |bproceedings. |
| 264 | 1|a[Ottawa] : |bStatistics Canada, |c1987- |
| 310 | |aAnnual |
| 336 | |atext|btxt|2rdacontent |
| 337 | |acomputer|bc|2rdamedia |
| 338 | |aonline resource|bcr|2rdacarrier |
| 500 | |aIssued also in French under title: La série des symposiums internationaux de Statistique Canada : recueil. |
| 520 | 3 |aAn annual international symposium on methodological issues. |
| 650 | 0|aStatistics|vCongresses. |
| 650 | 0|aStatistics|zCanada|vCongresses. |
| 655 | 7|aConference papers and proceedings|2lcgft |
| 710 | 2 |aStatistics Canada, |eissuing body. |
| 775 | 08|tLa série des symposiums internationaux de Statistique Canada : |w(CaOODSP)9.502081 |
| 776 | 0#|tStatistics Canada international symposium series - proceedings |w(CaOODSP)9.512028 |
| 856 | 40|uhttps://www150.statcan.gc.ca/n1/en/catalogue/11-522-X|qHTML|sN/A |